01879nam a2200253 a 4500008004100000020001500041050001900056100001900075245002800094260004800122300002000170350000900190995014400199995014400343995014400487995014400631995015300775999001700928952013600945952013601081952013601217952013601353952013601489120416s0000 ||||||||||||||||| || u a0442306296 aTK 7868.S9 Lew aLewin, Douglas10aDesign of logic systems aBerkshirebELSB/Van Nostrand Reinholdc1985 aix,578p. : ill. a0.00 aBINDERY (DAMAGED)D0.00e717768FCBU-MAIN LIBRARY (Kitwe)H3I4.95jTK 7868.S9 LewM5UDAMAGEDy016642ZMain Library Open Access Collection aBINDERY (DAMAGED)D0.00e713868FCBU-MAIN LIBRARY (Kitwe)H2I4.95jTK 7868.S9 LewM4UDAMAGEDy016641ZMain Library Open Access Collection aBINDERY (DAMAGED)D0.00e713869FCBU-MAIN LIBRARY (Kitwe)H1I4.95jTK 7868.S9 LewM1UDAMAGEDy016638ZMain Library Open Access Collection aBINDERY (DAMAGED)D0.00e711778FCBU-MAIN LIBRARY (Kitwe)H5I4.95jTK 7868.S9 LewM3UDAMAGEDy016640ZMain Library Open Access Collection aMAIN LIBRARY OPEN ACCESSD0.00e711779FCBU-MAIN LIBRARY (Kitwe)H4I4.95jTK 7868.S9 LewM2UAVAILABLEy016639ZMain Library Open Access Collection c63448d63448 00102lcc4070a001b001cMain Library Open Access Collectiond2022-12-24l0oTK 7868.S9 Lewcp016642r2022-12-24w2022-12-24y002 00102lcc4070a001b001cMain Library Open Access Collectiond2022-12-24l0oTK 7868.S9 Lewcp016641r2022-12-24w2022-12-24y002 00102lcc4070a001b001cMain Library Open Access Collectiond2022-12-24l0oTK 7868.S9 Lewcp016638r2022-12-24w2022-12-24y002 00102lcc4070a001b001cMain Library Open Access Collectiond2022-12-24l0oTK 7868.S9 Lewcp016640r2022-12-24w2022-12-24y002 00102lcc4070a001b001cMain Library Open Access Collectiond2022-12-24l0oTK 7868.S9 Lewcp016639r2022-12-24w2022-12-24y002